Como estudiar /
Guardado en:
| Autor Principal: | |
|---|---|
| Formato: | Libro |
| Publicado: |
Barcelona :
Oikos-tau,
1969
|
| Edición: | 5a. ed. |
| Etiquetas: |
Agregar Etiqueta
Sin Etiquetas, Sea el primero en etiquetar este registro!
|
| LEADER | 00401nam a22001575a 4500 | ||
|---|---|---|---|
| 001 | CEM.cems004061 | ||
| 005 | 20060216000000.0 | ||
| 008 | 130507s1969##################000#0#####d | ||
| 003 | CEMS | ||
| 082 | 0 | 4 | |a 001 |
| 100 | 1 | |a Maddox, Harry | |
| 245 | 1 | 0 | |a Como estudiar / |
| 250 | |a 5a. ed. | ||
| 260 | |a Barcelona : |b Oikos-tau, |c 1969 | ||
| 300 | |a 251 p. | ||
| 859 | |a CEMS |b BIB. CEMS - 11 de abril |h 001 |i M263a5 |p 3050.74 |t Ej.1 | ||
